KFZ-Kennzeichen Baden-Württemberg ALLE - Statistiken

Allgemein
  • Dieses Quiz wurde 1.101 mal gespielt
    962 seit der letzten Aktualisierung
  • Das Durchschnittsergebnis liegt bei 43 aus 62
Antwortstatistiken
Abkürzung Stadt oder Landkreis % Korrekt
S Stuttgart
96%
AA Aalen
94%
KA Karlsruhe
94%
BB Böblingen
93%
RV Ravensburg
92%
ES Esslingen am Neckar
91%
Lörrach
91%
BAD Baden-Baden
90%
HD Heidelberg
90%
MA Mannheim
90%
Tübingen
90%
TUT Tuttlingen
90%
UL Ulm
90%
HDH Heidenheim an der Brenz
89%
PF Pforzheim
89%
CW Calw
88%
FR Freiburg im Breisgau
88%
RT Reutlingen
87%
GP Göppingen
85%
SIG Sigmaringen
85%
HN Heilbronn
84%
LEO Leonberg
83%
LB Ludwigsburg
82%
RW Rottweil
80%
VS Villingen-Schwenningen
80%
KN Konstanz
79%
ÜB Überlingen
77%
VAI Vaihingen an der Enz
76%
RA Rastatt
73%
FDS Freudenstadt
72%
FN Friedrichshafen
72%
SHA Schwäbisch Hall
70%
CR Crailsheim
69%
MOS Mosbach
69%
NT Nürtingen
68%
EM Emmendingen
67%
OG Offenburg
67%
TBB Tauberbischofsheim
67%
BC Biberach an der Riß
66%
ÖHR Öhringen
66%
KEL Kehl
64%
KÜN Künzelsau
63%
WN Waiblingen
63%
BL Balingen
59%
BK Backnang
58%
GD Schwäbisch Gmünd
56%
LR Lahr/Schwarzwald
54%
HOR Horb am Neckar
52%
SÄK Bad Säckingen
51%
NEU Titisee-Neustadt
51%
BÜS Büsingen am Hochrhein
49%
MGH Bad Mergentheim
44%
HCH Hechingen
43%
TT Tettnang
40%
MÜL Müllheim im Markgräferland
34%
STO Stockach
34%
WT Waldshut-Tiengen
33%
WG Wangen im Allgäu
33%
BCH Buchen
32%
BH Bühl
32%
WOL Wolfach
26%
SLG Bad Saulgau
25%
Keine übereinstimmenden Quizze gefunden
Verteilung der Resultate
Anzahl Personen mit jedem Resultat
Perzentil nach korrekt beantworteten Fragen
Ihre Resultats-Entwicklung
Sie haben dieses Quiz seit der letzten Aktualisierung nicht gespielt